000 00654nam a2200193 i 4500
001 68339
003 ES-MaACL
005 20250823085843.0
007 t|
008 040621s1983 pr ||||1| spa d
080 _a821.134.2(729.1) Carpentier, Alejo 1.06
245 0 0 _aRevista de estudios hispánicos
_b: número dedicado a Alejo Carpentier.
260 _aPuerto Rico :
_bUniversidad, Facultad de Humanidades,
_c1983.
300 _a180 p. ;
_c26 cm.
600 1 4 _aCarpentier, Alejo-
_xCrítica e interpretación.
_935443
710 2 _aUniversidad de Puerto Rico
_97273
852 _aES-MaACL
_jL-28025
_bR.108518
999 _c68339
_d68339